Catálogo Biblioteca Central

Noticia bibliográfica de textos y disposiciones legales de los reinos de Castilla impresos en los siglos XVI y XVII (Registro nro. 84338)

Detalles MARC
000 -CABECERA
campo de control de longitud fija 01228nam a2200361 i 4500
001 - NÚMERO DE CONTROL
campo de control 84338
003 - IDENTIFICADOR DEL NÚMERO DE CONTROL
campo de control ES-MaBCM
005 - FECHA Y HORA DE LA ÚLTIMA TRANSACCIÓN
campo de control 20231101062525.0
008 - CÓDIGOS DE INFORMACIÓN DE LONGITUD FIJA
campo de control de longitud fija 020702s2001 esp 000 0 spa d
010 ## - NÚMERO DE CONTROL DE LA BIBLIOTECA DEL CONGRESO
Número de control de LC 84338
017 ## - NÚMERO DE COPYRIGHT O DE DEPÓSITO LEGAL
Depósito legal VA.796-2001
020 ## - NÚMERO INTERNACIONAL NORMALIZADO PARA LIBROS(ISBN)
Número Internacional Normalizado para Libros (ISBN) 84-9718-021-6
035 ## - NÚMERO DE CONTROL DEL SISTEMA
Número de control de sistema (OCoLC)49553684
040 ## - FUENTE DE LA CATALOGACIÓN
Centro transcriptor ES-MaBCM
041 0# - CÓDIGO DE LENGUA
Código de lengua del texto/banda sonora o título independiente spa
043 ## - CÓDIGO DE ÁREA GEOGRÁFICA
Código de área geográfica esp
080 ## - NÚMERO DE LA CLASIFICACIÓN DECIMAL UNIVERSAL
Número de la Clasificación Decimal Universal 34(463+464)"15/16":016
080 ## - NÚMERO DE LA CLASIFICACIÓN DECIMAL UNIVERSAL
Número de la Clasificación Decimal Universal 016:34(463+464)"15/16"
100 1# - PUNTO DE ACCESO PRINCIPAL - NOMBRE DE PERSONA
Nombre de persona Gil Ayuso, Faustino
9 (RLIN) 18689
245 10 - MENCIÓN DE TÍTULO
Título Noticia bibliográfica de textos y disposiciones legales de los reinos de Castilla impresos en los siglos XVI y XVII
Mención de responsabilidad etc. Faustino Gil Ayuso
260 ## - PUBLICACIÓN, DISTRIBUCIÓN, ETC. (PIE DE IMPRENTA)
Lugar de publicación distribución etc. [Valladolid] :
Nombre del editor distribuidor etc. Consejería de Educación y Cultura,
Fecha de publicación distribución etc. 2001
300 ## - DESCRIPCIÓN FÍSICA
Extensión x, 465 p.
Dimensiones 28 cm
440 #0 - MENCIÓN DE SERIE/PUNTO DE ACCESO ADICIONAL--TÍTULO
Título La imprenta, libros y libreros
RLIN 102493
490 0# - MENCIÓN DE SERIE
Mención de serie La imprenta, libros y libreros
Designación de volumen o secuencia 9
500 ## - NOTA GENERAL
Nota general Reprod. facs. de la ed. de: Madrid : Patronato de la Biblioteca Nacional, 1935
648 20 - PUNTO DE ACCESO ADICIONAL DE MATERIA--TÉRMINO CRONOLÓGICO
Término cronológico S. XVI-XVII
9 (RLIN) 128970
650 27 - PUNTO DE ACCESO ADICIONAL DE MATERIA--TÉRMINO DE MATERIA
Término de materia o nombre geográfico como elemento inicial Derecho nacional
9 (RLIN) 58340
651 20 - PUNTO DE ACCESO ADICIONAL DE MATERIA--NOMBRE GEOGRÁFICO
Nombre geográfico Castilla
9 (RLIN) 124112
655 ## - TÉRMINO DE INDIZACIÓN--GÉNERO/FORMA
Datos o término principal de género/forma Bibliografía
9 (RLIN) 117068
655 ## - TÉRMINO DE INDIZACIÓN--GÉNERO/FORMA
Datos o término principal de género/forma Bibliografía
9 (RLIN) 117068
710 0# - PUNTO DE ACCESO ADICIONAL--NOMBRE DE ENTIDAD CORPORATIVA
Nombre de entidad o nombre de jurisdicción como elemento inicial Castilla-La Mancha
9 (RLIN) 50675
Unidad subordinada Consejería de Educación y Cultura
942 ## - ELEMENTOS DE PUNTO DE ACCESO ADICIONAL (KOHA)
Tipo de ítem Koha Libros
Fuente del sistema de clasificación o colocación Universal Decimal Classification
Existencias
Estado de retiro Estado de pérdida Fuente del sistema de clasificación o colocación Estado dañado No para préstamo Localización permanente Ubicación/localización actual Ubicación en estantería Fecha de adquisición Fuente de adquisición Número de inventario Número de registro Signatura topográfica completa Código de barras Precio válido a partir de Tipo de ítem Koha
          Biblioteca Central del Ministerio de la Presidencia Biblioteca Central del Ministerio de la Presidencia Sala 02/07/2002 Compra 57409 57409 43463 1003400 02/07/2002 Libros